000 00508nam a22001697a 4500
003 OSt
005 20251028122830.0
008 251028b |||||||| |||| 00| 0 eng d
040 _cMRSPTU
041 _aENG
100 _aSharma, Yadwinder Pal
245 _aLaser Bending of Mild Steel by Applying Electromagnetic Force and Water Jet Cooling
260 _aBathinda
_bMRSPTU
_c2024
650 _aMechanical Engineering
856 _uhttp://163.47.215.52:8080/jspui/handle/123456789/884
942 _2ddc
_cTH
_n0
999 _c10599
_d10599